000 00778nam a2200289Ia 4500
003 OSt
005 20221007095953.0
006 a|||||r|||| 00| 0
007 ta
008 221006b |||||||| |||| 00| 0 eng d
020 _a8177370472
024 _a3,427
037 _cTextual
040 _aLCO
_cLCO
_beng
041 _2eng
_aeng
082 _aZ2,5, P7.1-P7.2
100 _aRatanlal
245 0 _aLaw of Crimes
_b A commentary on The Indian Penal Code, 1860.2V
250 _a26th
260 _aNew
_bDelhi Bharat Law House India
_c2007
300 _a1344
490 _vVol.-1
650 _aCRIMES
_935780
700 _a Dhirajal
942 _hZ2,5, P7.1-P7.2
_cTEXL
999 _c1172990
_d1172990